Southville International School and Colleges
Your cart is empty.
  • Cart
  • Lists
    Public lists list_1 View all
    Your lists Log in to create your own lists
  • Log in to your account
  • Your cookies
  • Search history
Southville International School and Colleges
  • Advanced search
  • Recent comments
  • Most popular
  • Libraries

Log in to your account

Log in with GOOGLE


If you do not have an external account, but do have a local account, you can still log in:

  1. Home
  2. MARC view: Principles of marketing /
Normal view MARC view ISBD view

Principles of marketing / (Record no. 276009)

[ view plain ]
MARC details
000 -LEADER
fixed length control field 00605nam a22002057a 4500
003 - CONTROL NUMBER IDENTIFIER
control field SISC
005 - DATE AND TIME OF LATEST TRANSACTION
control field 20170203103148.0
008 - FIXED-LENGTH DATA ELEMENTS--GENERAL INFORMATION
fixed length control field 141004b xxu||||| |||| 00| 0 eng d
020 ## - INTERNATIONAL STANDARD BOOK NUMBER
International Standard Book Number 9780273779827
050 ## - LIBRARY OF CONGRESS CALL NUMBER
Classification number HF 5415
Item number .K87 2013
100 ## - MAIN ENTRY--PERSONAL NAME
Personal name Kotler, Philip.
245 ## - TITLE STATEMENT
Title Principles of marketing /
Statement of responsibility, etc Philip Kotler and Gary Armstrong.
250 ## - EDITION STATEMENT
Edition statement 14th edition.
260 ## - PUBLICATION, DISTRIBUTION, ETC. (IMPRINT)
Place of publication, distribution, etc Malaysia :
Name of publisher, distributor, etc Pearson Education Limited,
Date of publication, distribution, etc 2013.
300 ## - PHYSICAL DESCRIPTION
Extent 636 pages :
Other physical details color illustrations ;
Dimensions 27 cm.
521 ## - TARGET AUDIENCE NOTE
Target audience note Business Administration
650 ## - SUBJECT ADDED ENTRY--TOPICAL TERM
Topical term or geographic name as entry element Marketing.
650 ## - SUBJECT ADDED ENTRY--TOPICAL TERM
Topical term or geographic name as entry element Management.
942 ## - ADDED ENTRY ELEMENTS (KOHA)
Source of classification or shelving scheme Library of Congress Classification
Koha item type Books
Call number prefix Foreign
Holdings
Withdrawn status Lost status Source of classification or shelving scheme Damaged status Home library Current library Shelving location Date acquired Source of acquisition Total Checkouts Total Renewals Full call number Barcode Date last seen Date checked out Price effective from Koha item type
    Library of Congress Classification   College Library College Library Reserve Section 10/04/2014 Library Fund 3 45 HF 5415 .K87 2013 C18669 07/03/2024 02/15/2024 10/04/2014 Books

Principles of marketing /

APA

Kotler P., . (2013). Principles of marketing. Malaysia: Pearson Education Limited.

Chicago

Kotler Philip, . 2013. Principles of marketing. Malaysia: Pearson Education Limited.

Harvard

Kotler P., . (2013). Principles of marketing. Malaysia: Pearson Education Limited.

MLA

Kotler Philip, . Principles of marketing. Malaysia: Pearson Education Limited. 2013.

  • Place hold
  • Print
  • Cite
  • Add to your cart (remove)
  • Save record
    BIBTEX Dublin Core MARCXML MARC (non-Unicode/MARC-8) MARC (Unicode/UTF-8) MARC (Unicode/UTF-8, Standard) MODS (XML) RIS
  • More searches
    Search for this title in:
    Other Libraries (WorldCat) Other Databases (Google Scholar) Online Stores (Bookfinder.com) Open Library (openlibrary.org)

Exporting to Dublin Core...

SOUTHVILLE LIBRARY

Southville International School and Colleges Library

1281 Tropical Ave. Cor. Luxembourg St., BF Homes International, Las Pinas City

Tel. No. 8256374 / 252358 Loc. 117/146

Powered by Koha